000 01315 a2200205 4500
001 30941
005 20260407155618.0
008 260407a1966 arg spa d
003 AR-UNSa-BCEJYS
040 _aAR-UNSa-BCEJYS
_bspa
_cAR-UNSa-BCEJYS
080 _a657.1
_xTeneduría de libros. Sistemas. Procedimientos (Operaciones bancarias)
245 1 0 _aReglamentación bancaria argentina
250 _a2a. ed
264 1 _aBuenos Aires :
_bPlus Ultra
_c1966
300 _a110 p.
_c20 cm.
505 _aPrimera Parte: Reglamentación General: 1. Evolución de la ley de bancos - 2. La autorización para funcionar e instalar nuevas casas - 3. El matenimiento de una liquidez adecuada - 4. El cuidado de la seguridad de las colocaciones bancarias - 5. El desarrollo de una sana competencia - 6. El contralor y la publicidad bancarios - 7. El ordenamiento de las entidades "no banacarias" - Segunda Parte: Reglamentación Crediticia: 1. Métodos de regulación crediticia - 2. El crédito en el período de estabilización económica - 3. El crédito para combatir la iliquidez empresaria y tecnificar el campo - 4. El crédito de promoción industrial y de fomento económico regional - 5. El destino de los préstamos
942 _cBK
590 _aniveau_biblio:m niveau_hierar:0
100 1 _aMicele, Antonio
999 _c2146
_d2146